000 00579nam a2200205Ia 4500
005 20250508165132.0
008 008 250505s9999 xx 000 0 eng d
020 _a978-81-89524-66-1
037 _aTextual
040 _aFEDL
_beng
_cFEDL
041 _aeng
_2eng
084 _a321.54, SEN
_qFEDL
100 _aSen Ronojoy
245 0 _aLegalizing religion: The Indian supreme Court and secularism
260 _aNew Delhi, India
_bCritical Quest
_c2011
300 _a48p.
365 _aINR
_b350
942 _cTEXL
_h321.54, SEN
999 _c1393345
_d1393345